[Event "XIII C.to Europeo"]
[Site "Plovdiv BUL"]
[Date "2012.03.20"]
[Round "1"]
[White "Brunello, Sabino"]
[Black "Malikentzos, Sotirios"]
[Result "1-0"]
[WhiteElo "2587"]
[BlackElo "2307"]
[PlyCount "87"]
[EventDate "2012.03.20"]

1. e4 c6 2. d4 d5 3. Nd2 dxe4 4. Nxe4 Bf5 5. Ng3 Bg6 6. h4 h6 7. Nf3 Nf6 8. Ne5
Bh7 9. Bd3 Bxd3 10. Qxd3 e6 11. Bd2 Be7 12. O-O-O Nbd7 13. f4 O-O 14. Qf3 Qc7
15. Rhe1 c5 16. Nxd7 Qxd7 17. dxc5 Qd5 18. Qxd5 Nxd5 19. Ne4 Bxh4 20. g3 Be7
21. c4 Nf6 22. Nxf6+ Bxf6 23. Be3 Rfc8 24. Kc2 Be7 25. b4 a5 26. Rd7 Bf8 27. a3
axb4 28. axb4 b6 29. Kb3 bxc5 30. b5 Ra5 31. Bd2 Raa8 32. Bc3 g6 33. Ra1 Rxa1
34. Bxa1 Bg7 35. Bxg7 Kxg7 36. b6 g5 37. b7 Rb8 38. Ka4 gxf4 39. gxf4 h5 40.
Kb5 h4 41. Kxc5 h3 42. Kc6 h2 43. Rd1 Rh8 44. Rh1 1-0

[Event "XIII C.to Europeo"]
[Site "Plovdiv BUL"]
[Date "2012.03.20"]
[Round "1"]
[White "Hovhannisyan, Robert"]
[Black "Codenotti, Marco"]
[Result "1-0"]
[WhiteElo "2600"]
[BlackElo "2328"]
[PlyCount "51"]
[EventDate "2012.03.20"]

1. e4 c5 2. Nf3 d6 3. d4 cxd4 4. Nxd4 Nf6 5. Nc3 a6 6. h3 e6 7. g4 Be7 8. Bg2
Nfd7 9. Be3 Nc6 10. Qe2 O-O 11. O-O-O Qc7 12. f4 Nxd4 13. Bxd4 b5 14. e5 d5 15.
Qe3 b4 16. Ne2 Bc5 17. Kb1 a5 18. Rhe1 Ba6 19. Bxc5 Qxc5 20. Nd4 Nb6 21. f5 Nc4
22. Qc1 Rfe8 23. fxe6 fxe6 24. Nxe6 Rxe6 25. Bxd5 Rae8 26. Bxe6+ 1-0

[Event "XIII C.to Europeo"]
[Site "Plovdiv BUL"]
[Date "2012.03.20"]
[Round "1"]
[White "Sahitaj, Naim"]
[Black "Dvirnyy, Danyyil"]
[Result "0-1"]
[WhiteElo "2193"]
[BlackElo "2507"]
[PlyCount "102"]
[EventDate "2012.03.20"]

1. Nf3 Nf6 2. b3 d5 3. e3 c5 4. Bb2 Nc6 5. g3 g6 6. d4 Bg7 7. dxc5 Qa5+ 8. Nbd2
O-O 9. a3 Qxc5 10. b4 Qd6 11. c4 dxc4 12. Nxc4 Qxd1+ 13. Rxd1 Bg4 14. Bg2 Rac8
15. Ncd2 Rfd8 16. O-O Bf5 17. Rc1 Ne4 18. Bxg7 Kxg7 19. Nxe4 Bxe4 20. Rfd1 a6
21. Nd2 Bxg2 22. Kxg2 Na7 23. Ne4 Rxd1 24. Rxd1 Rc7 25. Rd3 h6 26. Kf3 f5 27.
Nc5 Kf7 28. Ke2 Nb5 29. Kd2 Nd6 30. f3 Nc4+ 31. Ke2 a5 32. Rc3 b5 33. Nb3 axb4
34. axb4 Ra7 35. Nd4 Nd6 36. h4 Ra2+ 37. Rc2 Ra4 38. Rb2 e5 39. Nc2 Nc4 40. Rb1
Ra2 41. Kd3 e4+ 42. fxe4 fxe4+ 43. Kc3 Rxc2+ 44. Kxc2 Na3+ 45. Kb2 Nxb1 46.
Kxb1 h5 47. Kc2 Kf6 48. Kc3 Ke5 49. Kd2 Kf5 50. Kc3 Kg4 51. Kd4 Kf3 0-1

[Event "XIII C.to Europeo"]
[Site "Plovdiv BUL"]
[Date "2012.03.21"]
[Round "2"]
[White "Codenotti, Marco"]
[Black "Macieja, Bartlomiej"]
[Result "1/2-1/2"]
[WhiteElo "2328"]
[BlackElo "2605"]
[PlyCount "83"]
[EventDate "2012.03.20"]

1. e4 c5 2. Nf3 Nc6 3. c3 Nf6 4. e5 Nd5 5. Bc4 Nb6 6. Be2 d5 7. exd6 Qxd6 8.
Na3 Bg4 9. O-O e6 10. d4 Qd7 11. Nc2 Rd8 12. dxc5 Bxc5 13. Be3 Qe7 14. Nfd4
Nxd4 15. Nxd4 Bxe2 16. Qxe2 O-O 17. b4 Bxd4 18. Bxd4 Qc7 19. Rac1 Rd5 20. Bxb6
axb6 21. c4 Rd4 22. Rfd1 Rfd8 23. g3 h6 24. Rxd4 Rxd4 25. a3 b5 26. c5 Qd7 27.
Qf3 Rd3 28. c6 bxc6 29. Qxc6 Qxc6 30. Rxc6 Rxa3 31. Rb6 Rb3 32. Rxb5 g5 33. g4
Kg7 34. Kg2 Kg6 35. Rb6 h5 36. h3 h4 37. b5 Rb4 38. Kg1 Rb3 39. Kg2 Rb4 40. Kg1
Rb1+ 41. Kg2 Rb3 42. Kh2 1/2-1/2

[Event "XIII C.to Europeo"]
[Site "Plovdiv BUL"]
[Date "2012.03.21"]
[Round "2"]
[White "Dvirnyy, Danyyil"]
[Black "Ponkratov, Pavel"]
[Result "1-0"]
[WhiteElo "2507"]
[BlackElo "2607"]
[PlyCount "53"]
[EventDate "2012.03.20"]

1. e4 c5 2. Nf3 Nc6 3. d4 cxd4 4. Nxd4 Qc7 5. Nc3 e6 6. Be2 Nf6 7. O-O a6 8.
Kh1 Bb4 9. Nxc6 bxc6 10. f4 d6 11. Na4 d5 12. e5 Nd7 13. c4 Qa7 14. Rf3 Be7 15.
cxd5 cxd5 16. Be3 Qc7 17. Rc1 Qd8 18. Bd4 O-O 19. Rfc3 Rb8 20. Ba7 Ra8 21. Bd4
Rb8 22. a3 Qe8 23. Rc7 f6 24. Bh5 Qd8 25. Bg4 f5 26. Bf3 Re8 27. Ba7 1-0

[Event "XIII C.to Europeo"]
[Site "Plovdiv BUL"]
[Date "2012.03.21"]
[Round "2"]
[White "Efimenko, Zahar"]
[Black "Rombaldoni, Axel"]
[Result "1/2-1/2"]
[WhiteElo "2695"]
[BlackElo "2464"]
[PlyCount "124"]
[EventDate "2012.03.20"]

1. e4 e6 2. d4 d5 3. Nd2 Nf6 4. e5 Nfd7 5. Bd3 c5 6. c3 Nc6 7. Ne2 cxd4 8. cxd4
f6 9. exf6 Nxf6 10. Nf3 Qc7 11. O-O Bd6 12. Bd2 O-O 13. Rc1 Bd7 14. Ng3 Qb6 15.
Bc3 Rae8 16. Ne5 Re7 17. Kh1 g6 18. f4 Nxd4 19. Bxg6 Nb5 20. Nxd7 Nxc3 21.
Nxf6+ Rxf6 22. Bxh7+ Rxh7 23. Rxc3 Rfh6 24. h3 Qxb2 25. Ne4 dxe4 26. Rg3+ Rg7
27. Rxg7+ Kxg7 28. Qxd6 Rg6 29. Rg1 Qxa2 30. Qe5+ Kh7 31. Qxe4 Qd5 32. Qe2 a5
33. Rc1 a4 34. Qf2 Qd7 35. Rc3 b5 36. Qc2 Qd4 37. Rc7+ Kh6 38. Qc1 Qe4 39. Qd2
Rg7 40. Rc5 Rg3 41. Kh2 Qe3 42. Qxe3 Rxe3 43. Rxb5 a3 44. Ra5 Kg6 45. h4 a2 46.
Rxa2 Kh5 47. Ra5+ Kxh4 48. Rg5 Re2 49. Kg1 Re4 50. g3+ Kh3 51. Kf2 Ra4 52. Rg6
Ra2+ 53. Kf3 Ra3+ 54. Ke4 Rxg3 55. Rxe6 Rg8 56. f5 Kh4 57. Rg6 Re8+ 58. Kf4 Kh5
59. Rg1 Kh6 60. Rg6+ Kh7 61. Kg5 Ra8 62. Re6 Kg7 1/2-1/2

[Event "XIII C.to Europeo"]
[Site "Plovdiv BUL"]
[Date "2012.03.21"]
[Round "2"]
[White "Hristodorescu, Daniel"]
[Black "Brunello, Sabino"]
[Result "0-1"]
[WhiteElo "2212"]
[BlackElo "2587"]
[PlyCount "80"]
[EventDate "2012.03.20"]

1. e4 c5 2. Nf3 e6 3. b3 b6 4. Bb2 Bb7 5. Nc3 Nc6 6. g3 Nf6 7. Bg2 e5 8. O-O d6
9. d3 g6 10. Nd2 Bg7 11. Nc4 O-O 12. Ne3 Ne7 13. a3 Ne8 14. Ncd5 Nxd5 15. Nxd5
Bxd5 16. exd5 f5 17. Qe2 Nf6 18. Rae1 Qc7 19. f4 Rae8 20. fxe5 Ng4 21. c4 Bxe5
22. Bxe5 Rxe5 23. Qd2 Qe7 24. Rxe5 Qxe5 25. Qf4 Re8 26. h3 Qxf4 27. gxf4 Ne3
28. Re1 Kf7 29. Re2 Nd1 30. Kf1 Ne3+ 31. Kf2 Nxg2 32. Rxe8 Kxe8 33. Kxg2 Kf7
34. Kg3 h6 35. h4 Kf6 36. Kf3 g5 37. Kg3 gxf4+ 38. Kxf4 h5 39. Ke3 Ke5 40. Kf3
f4 0-1

[Event "XIII C.to Europeo"]
[Site "Plovdiv BUL"]
[Date "2012.03.21"]
[Round "2"]
[White "Stella, Andrea"]
[Black "Azarov, Sergei"]
[Result "1/2-1/2"]
[WhiteElo "2439"]
[BlackElo "2667"]
[PlyCount "54"]
[EventDate "2012.03.20"]

1. c4 e6 2. g3 d5 3. Bg2 Nf6 4. Nf3 dxc4 5. Qa4+ Nbd7 6. Qxc4 a6 7. Qc2 c5 8.
Nc3 Qc7 9. d4 b5 10. d5 Nxd5 11. Nxd5 exd5 12. e4 Bd6 13. exd5 O-O 14. O-O Bb7
15. b3 f6 16. Nh4 Be5 17. Bb2 Bxb2 18. Qxb2 Ne5 19. Nf5 Rad8 20. Rfd1 Qf7 21.
Qc3 c4 22. f4 Nd3 23. bxc4 bxc4 24. Rab1 Bxd5 25. Bxd5 Rxd5 26. Qxc4 Rd7 27.
Qxf7+ Rfxf7 1/2-1/2

[Event "XIII C.to Europeo"]
[Site "Plovdiv BUL"]
[Date "2012.03.22"]
[Round "3"]
[White "Cherednichenko, Elena"]
[Black "Valsecchi, Alessio"]
[Result "0-1"]
[WhiteElo "2130"]
[BlackElo "2429"]
[PlyCount "94"]
[EventDate "2012.03.20"]

1. d4 Nf6 2. Nf3 e6 3. e3 b6 4. Bd3 Bb7 5. O-O d5 6. Ne5 Bd6 7. f4 O-O 8. b3
Ne4 9. Bb2 f6 10. Nf3 Nd7 11. Nbd2 Qe7 12. a4 c5 13. g3 Rfc8 14. c4 f5 15. Ne5
cxd4 16. Bxd4 Bxe5 17. fxe5 Nxd2 18. Qxd2 Nc5 19. Qb4 a5 20. Qa3 Qg5 21. Rad1
Nxd3 22. Rxd3 dxc4 23. bxc4 Rxc4 24. Rd2 Rb4 25. Qa2 Bd5 26. Qc2 h5 27. Rf4 Rc4
28. Qd3 Rac8 29. Bb2 h4 30. Rxc4 Rxc4 31. e4 Rxe4 32. Kf2 hxg3+ 33. hxg3 Qh5
34. Re2 Qh2+ 35. Ke1 Rxe2+ 36. Qxe2 Qxg3+ 37. Kd2 Qf4+ 38. Qe3 Qxe3+ 39. Kxe3
g5 40. Bd4 f4+ 41. Kf2 b5 42. axb5 Kf7 43. Bc5 Kg6 44. Ba3 Kf5 45. Bb2 g4 46.
b6 g3+ 47. Kg1 f3 0-1

[Event "XIII C.to Europeo"]
[Site "Plovdiv BUL"]
[Date "2012.03.22"]
[Round "3"]
[White "Guseinov, Gadir"]
[Black "Godena, Michele"]
[Result "1-0"]
[WhiteElo "2616"]
[BlackElo "2508"]
[PlyCount "65"]
[EventDate "2012.03.20"]

1. e4 e5 2. Nf3 Nc6 3. Bb5 f5 4. d3 fxe4 5. dxe4 Nf6 6. O-O d6 7. Qd3 a6 8.
Bxc6+ bxc6 9. Nc3 h6 10. Be3 g5 11. b4 Be6 12. a4 Bg7 13. b5 axb5 14. axb5 Rxa1
15. Rxa1 cxb5 16. Qxb5+ Kf7 17. Ra7 Re8 18. Nd5 Bxd5 19. exd5 Re7 20. Qc4 Qb8
21. Nd2 Bf8 22. h3 Kg7 23. h4 g4 24. Ne4 Nxe4 25. Qxe4 Qc8 26. h5 Kh8 27. Qg6
Rh7 28. g3 Be7 29. Bxh6 Qg8 30. Qxg8+ Kxg8 31. Rxc7 Rxh6 32. Rxe7 Rxh5 33. Re6
1-0

[Event "XIII C.to Europeo"]
[Site "Plovdiv BUL"]
[Date "2012.03.22"]
[Round "3"]
[White "Rombaldoni, Axel"]
[Black "Volokitin, Andrei"]
[Result "0-1"]
[WhiteElo "2464"]
[BlackElo "2695"]
[PlyCount "88"]
[EventDate "2012.03.20"]

1. e4 c5 2. Nf3 d6 3. d4 cxd4 4. Qxd4 Nc6 5. Qe3 g6 6. h3 Nf6 7. Be2 Bg7 8. O-O
O-O 9. Rd1 Be6 10. Nc3 Qc7 11. Nb5 Qc8 12. Nbd4 Nxd4 13. Nxd4 Bc4 14. Bf3 e5
15. Ne2 d5 16. Ng3 dxe4 17. Nxe4 Nxe4 18. Qxe4 f5 19. Qxc4+ Qxc4 20. Bd5+ Qxd5
21. Rxd5 Rad8 22. Rxd8 Rxd8 23. Be3 b6 24. Re1 f4 25. Bc1 Kf7 26. Kf1 g5 27. b3
b5 28. Bb2 Ke6 29. Ke2 Bf6 30. c4 bxc4 31. bxc4 Rd6 32. a4 Ra6 33. Ra1 e4 34.
Bxf6 Kxf6 35. Kd2 Ke5 36. Kc3 Rd6 37. c5 Rd4 38. a5 Kd5 39. a6 Rc4+ 40. Kb3
Rxc5 41. Rd1+ Kc6 42. Rd4 Re5 43. Rd2 e3 44. fxe3 fxe3 0-1

[Event "XIII C.to Europeo"]
[Site "Plovdiv BUL"]
[Date "2012.03.23"]
[Round "4"]
[White "Kanmazalp, Ogulcan"]
[Black "Brunello, Sabino"]
[Result "0-1"]
[WhiteElo "2389"]
[BlackElo "2587"]
[PlyCount "65"]
[EventDate "2012.03.20"]

1. Nf3 Nf6 2. g3 d5 3. Bg2 b5 4. d4 e6 5. O-O Nbd7 6. Nbd2 Bb7 7. e4 dxe4 8.
Ng5 Be7 9. Ndxe4 Nxe4 10. Nxe4 O-O 11. Qe2 Rb8 12. Bf4 Nb6 13. Rad1 Kh8 14. Qh5
Qd5 15. Qxd5 Nxd5 16. Bg5 Rfd8 17. Rfe1 Kg8 18. Bxe7 Nxe7 19. Nc5 Bxg2 20. Kxg2
b4 21. Na6 Rb6 22. Nxc7 Kf8 23. d5 exd5 24. Rd3 Rc6 25. Nb5 Rxc2 26. Nxa7 Rxb2
27. a3 bxa3 28. Rxa3 g6 29. Rd3 Kg7 30. Rde3 Ng8 31. R1e2 Rxe2 32. Rxe2 Nf6 33.
f3 0-1

[Event "XIII C.to Europeo"]
[Site "Plovdiv BUL"]
[Date "2012.03.23"]
[Round "4"]
[White "Nikolova, Adriana"]
[Black "Rombaldoni, Axel"]
[Result "0-1"]
[WhiteElo "2293"]
[BlackElo "2464"]
[PlyCount "82"]
[EventDate "2012.03.20"]

1. e4 e6 2. d4 d5 3. Nd2 Nf6 4. e5 Nfd7 5. f4 c5 6. c3 Nc6 7. Ndf3 Qb6 8. a3
Be7 9. h4 f5 10. h5 cxd4 11. cxd4 O-O 12. b4 a6 13. Kf2 Qc7 14. Bd3 b5 15. Ne2
Nb6 16. Rg1 a5 17. bxa5 Nc4 18. g4 Rxa5 19. gxf5 exf5 20. Nc3 Be6 21. Bxc4 bxc4
22. Be3 Rb8 23. Ng5 Rb2+ 24. Kf3 Bd7 25. Qe1 Be8 26. h6 Bh5+ 27. Kg3 Qc8 28.
Qc1 Rb3 29. Kh4 Bg6 30. Nxd5 Rxd5 31. Qxc4 Rbb5 32. Rac1 gxh6 33. a4 hxg5+ 34.
fxg5 Ra5 35. Qxc6 Qxc6 36. Rxc6 f4 37. Bf2 Rxa4 38. Rgc1 Bf5 39. Rc7 Bd8 40.
R7c4 Ra2 41. Bg1 Rg2 0-1

[Event "XIII C.to Europeo"]
[Site "Plovdiv BUL"]
[Date "2012.03.23"]
[Round "4"]
[White "Valsecchi, Alessio"]
[Black "Steingrimsson, Hedinn"]
[Result "0-1"]
[WhiteElo "2429"]
[BlackElo "2556"]
[PlyCount "68"]
[EventDate "2012.03.20"]

1. d4 Nf6 2. c4 e6 3. g3 d5 4. Nf3 Bb4+ 5. Bd2 Be7 6. Bg2 c6 7. O-O Nbd7 8. Bf4
dxc4 9. Qc2 b5 10. e4 Bb7 11. Rd1 O-O 12. Nc3 a6 13. h4 h6 14. Rd2 Qb6 15. Re1
Rad8 16. Bh3 c5 17. d5 exd5 18. Nxd5 Bxd5 19. exd5 Bd6 20. Be3 Rfe8 21. b3 cxb3
22. axb3 Ne5 23. Nxe5 Rxe5 24. Red1 Rxe3 25. fxe3 Bxg3 26. Rd3 Qd6 27. Qg2 Re8
28. e4 Bxh4 29. Bf5 Bg5 30. Rf1 g6 31. Be6 Rxe6 32. dxe6 Qxd3 33. exf7+ Kxf7
34. e5 Qd4+ 0-1

[Event "XIII C.to Europeo"]
[Site "Plovdiv BUL"]
[Date "2012.03.23"]
[Round "4"]
[White "Yilmaz, Mustafa"]
[Black "Codenotti, Marco"]
[Result "1-0"]
[WhiteElo "2530"]
[BlackElo "2328"]
[PlyCount "79"]
[EventDate "2012.03.20"]

1. d4 Nf6 2. c4 e6 3. Nf3 b6 4. g3 Ba6 5. Qb3 Nc6 6. Nbd2 Na5 7. Qc3 c5 8. dxc5
bxc5 9. e4 Bb7 10. e5 Ne4 11. Nxe4 Bxe4 12. Bg2 Be7 13. O-O Rb8 14. Re1 Bxf3
15. Bxf3 Qb6 16. b3 Nc6 17. Qd3 Nd4 18. Be4 Rd8 19. Bxh7 Rxh7 20. Qxh7 Nf3+ 21.
Kf1 Nxe1 22. Kxe1 Qc6 23. Qxg7 Qe4+ 24. Kf1 d5 25. exd6 e5 26. Qh8+ Bf8 27. Bh6
Qh1+ 28. Ke2 Qe4+ 29. Kf1 Qh1+ 30. Ke2 Qe4+ 31. Be3 Rxd6 32. Rd1 Rxd1 33. Kxd1
Qd3+ 34. Kc1 Qc3+ 35. Kb1 Qd3+ 36. Kb2 Qd6 37. Qh3 Kd8 38. Qg2 e4 39. Qxe4 Bg7+
40. Kc2 1-0

[Event "XIII C.to Europeo"]
[Site "Plovdiv BUL"]
[Date "2012.03.24"]
[Round "5"]
[White "Brunello, Sabino"]
[Black "Kobalia, Mikhail"]
[Result "0-1"]
[WhiteElo "2587"]
[BlackElo "2666"]
[PlyCount "104"]
[EventDate "2012.03.20"]

1. d4 d5 2. c4 c6 3. Nf3 Nf6 4. Qb3 dxc4 5. Qxc4 Bf5 6. g3 e6 7. Bg2 Be7 8. O-O
Nbd7 9. Nc3 O-O 10. Re1 Ne4 11. Bf4 Nxc3 12. bxc3 Be4 13. Qb3 c5 14. Ne5 Bxg2
15. Kxg2 Nxe5 16. Bxe5 Qd7 17. e4 b5 18. Rad1 c4 19. Qc2 Rfc8 20. d5 f6 21. Bf4
e5 22. Be3 Bd6 23. a4 b4 24. cxb4 Bxb4 25. Re2 c3 26. a5 Bxa5 27. d6 Kh8 28.
Qb3 Rab8 29. Qa3 Bb4 30. Qxa7 Qxa7 31. Bxa7 Rb7 32. Be3 Rd7 33. Rc2 h5 34. Kf1
Rc6 35. Rd5 Rdxd6 36. Rxd6 Rxd6 37. Ke2 Ra6 38. h3 Ra1 39. Rc1 Ra2+ 40. Kd3 Kh7
41. g4 Kg6 42. Rg1 hxg4 43. hxg4 Ba5 44. Rh1 Rb2 45. g5 f5 46. f4 exf4 47. Bxf4
fxe4+ 48. Kxe4 Rb4+ 49. Kf3 c2 50. Bc1 Rb1 51. Ke2 Bc3 52. Rf1 Ra1 0-1

[Event "XIII C.to Europeo"]
[Site "Plovdiv BUL"]
[Date "2012.03.24"]
[Round "5"]
[White "Codenotti, Marco"]
[Black "Marjanovic, Dejan"]
[Result "1-0"]
[WhiteElo "2328"]
[BlackElo "2138"]
[PlyCount "87"]
[EventDate "2012.03.20"]

1. e4 c6 2. d4 d5 3. Nd2 dxe4 4. Nxe4 Nf6 5. Nxf6+ exf6 6. c3 Be6 7. Bd3 Bd6 8.
Qc2 Nd7 9. Ne2 Qc7 10. c4 c5 11. d5 Bg4 12. h3 Bxe2 13. Qxe2+ Be7 14. O-O Ne5
15. Bc2 O-O 16. f4 Ng6 17. h4 Rfe8 18. Ba4 Red8 19. h5 Nf8 20. h6 g6 21. Bd2
Bd6 22. Qe3 Nd7 23. Qc3 Bf8 24. Bxd7 Qxd7 25. f5 Re8 26. fxg6 hxg6 27. Qxf6 Qe7
28. h7+ Kxh7 29. Qxf7+ Bg7 30. Rae1 Qxf7 31. Rxf7 Kg8 32. Rxb7 Bd4+ 33. Kh2 a6
34. Bc3 Bxc3 35. Rxe8+ Rxe8 36. bxc3 Re3 37. Rc7 Rxc3 38. Rxc5 Kf8 39. a4 Ke7
40. a5 g5 41. Rc6 Kd7 42. c5 Rd3 43. Rxa6 Rxd5 44. Rd6+ 1-0

[Event "XIII C.to Europeo"]
[Site "Plovdiv BUL"]
[Date "2012.03.24"]
[Round "5"]
[White "Dvirnyy, Danyyil"]
[Black "Kempinski, Robert"]
[Result "0-1"]
[WhiteElo "2507"]
[BlackElo "2610"]
[PlyCount "54"]
[EventDate "2012.03.20"]

1. e4 c5 2. Nf3 d6 3. d4 cxd4 4. Nxd4 Nf6 5. Nc3 a6 6. Bg5 Nbd7 7. f4 Qc7 8.
Qf3 b5 9. O-O-O Bb7 10. Bd3 Rc8 11. Rhe1 g6 12. Qe2 e5 13. Ncxb5 axb5 14. Bxb5
Nxe4 15. fxe5 Bg7 16. exd6 Qc5 17. Be3 Qe5 18. Qf1 Rd8 19. Bf4 Qc5 20. Be3 O-O
21. Nb3 Qe5 22. Bd4 Qxh2 23. Bxg7 Kxg7 24. Na5 Ba8 25. Kb1 Nxd6 26. Bc6 Nf6 27.
Rd3 Nde4 0-1

[Event "XIII C.to Europeo"]
[Site "Plovdiv BUL"]
[Date "2012.03.24"]
[Round "5"]
[White "Manolache, Marius"]
[Black "Stella, Andrea"]
[Result "1/2-1/2"]
[WhiteElo "2561"]
[BlackElo "2439"]
[PlyCount "234"]
[EventDate "2012.03.20"]

1. d4 Nf6 2. Nf3 g6 3. g3 Bg7 4. Bg2 d5 5. c4 c6 6. Qb3 O-O 7. O-O dxc4 8. Qxc4
Nd5 9. Bg5 Be6 10. Qc1 Re8 11. Bh6 Bh8 12. e4 Nb6 13. Nc3 a5 14. Rd1 a4 15. Ng5
Bc4 16. d5 cxd5 17. Nxd5 Bxd5 18. exd5 Qd6 19. Rb1 N8d7 20. Ne4 Qe5 21. b3 axb3
22. axb3 Nxd5 23. Rxd5 Qxd5 24. Nf6+ Nxf6 25. Bxd5 Nxd5 26. Qc4 Nc3 27. Re1 e6
28. Qb4 b5 29. h4 Rab8 30. h5 Nd5 31. Qd6 Red8 32. Qa6 Nb4 33. Qa5 Nc6 34. Qc7
Nd4 35. Kg2 Rbc8 36. Qa5 Nxb3 37. Qxb5 Nd4 38. Qb7 Nf5 39. Bf4 Bf6 40. h6 e5
41. Bxe5 Bxe5 42. Rxe5 Nxh6 43. Re2 Rb8 44. Qc7 Rbc8 45. Qe5 Nf5 46. Rb2 Re8
47. Qf4 h5 48. Rb5 Ng7 49. Rb7 Rf8 50. Qb4 Rce8 51. Qb3 Re6 52. Kh3 Rf6 53. Qb2
Rf5 54. Kg2 Ne6 55. Qd2 Nc5 56. Re7 Ne6 57. Qd6 Rd8 58. Qb4 Rf8 59. Rd7 Ng7 60.
Rd6 Re8 61. Qc4 Ne6 62. Rc6 Rf8 63. Qa2 Re8 64. Rd6 Rf8 65. Rc6 Re8 66. Rc4 Rd8
67. Qc2 Rd4 68. Rc6 Rd8 69. Qc1 Re8 70. Qh6 Ng7 71. Rc2 Ne6 72. Rd2 Ng5 73. Rb2
Ne6 74. Rb4 Ng7 75. Qd2 Ne6 76. Rb7 Rd8 77. Qe2 Rf8 78. Qe3 Ng5 79. Re7 Ne6 80.
f3 Ng7 81. Qe4 Ne6 82. f4 Ng7 83. Kh3 Ne6 84. Qc4 Ng7 85. Ra7 Ne6 86. Ra6 Re8
87. Qa2 Rf8 88. Kh4 Kh7 89. Ra5 Ng7 90. Ra7 Kg8 91. Ra6 Kh7 92. Qa3 Rd8 93. Qe7
Re8 94. Qc7 Re1 95. Kh3 Re8 96. Qd7 Kg8 97. Rb6 Rf8 98. Kh4 Kh7 99. Rb7 Re8
100. Rb5 Kh6 101. Kh3 Rxb5 102. Qxb5 Kh7 103. Qd7 Rf8 104. Qe7 Kg8 105. g4 Re8
106. Qc5 hxg4+ 107. Kxg4 Ne6 108. Qe5 Rd8 109. f5 Rd4+ 110. Kg3 gxf5 111. Qxf5
Rf4 112. Qe5 Rd4 113. Qf6 Rf4 114. Qh6 Rd4 115. Qf6 Rf4 116. Qh6 Rd4 117. Qf6
Rf4 1/2-1/2

[Event "XIII C.to Europeo"]
[Site "Plovdiv BUL"]
[Date "2012.03.24"]
[Round "5"]
[White "Rombaldoni, Axel"]
[Black "Solak, Dragan"]
[Result "0-1"]
[WhiteElo "2464"]
[BlackElo "2602"]
[PlyCount "67"]
[EventDate "2012.03.20"]

1. e4 c6 2. c4 e5 3. f4 exf4 4. Nf3 Ne7 5. d4 Ng6 6. Nc3 Bb4 7. Bd3 d6 8. O-O
Bxc3 9. bxc3 O-O 10. Ne1 Qh4 11. Rb1 c5 12. Rb2 Nc6 13. Bb1 b6 14. Rbf2 Ba6 15.
Bxf4 Qe7 16. Qa4 Na5 17. Bd3 Rac8 18. Nc2 Nxf4 19. Rxf4 cxd4 20. cxd4 Bxc4 21.
Qa3 Be6 22. Ne3 Qc7 23. R4f3 Qc3 24. Qxd6 Qxd3 25. Nf5 Qxe4 26. Ne7+ Kh8 27.
Nxc8 Rxc8 28. Kh1 Qd5 29. Qf4 Nc6 30. Rd3 Ne7 31. a3 Qf5 32. Qxf5 Bxf5 33. Rdd1
Be6 34. Rc1 0-1

[Event "XIII C.to Europeo"]
[Site "Plovdiv BUL"]
[Date "2012.03.24"]
[Round "5"]
[White "Sarbok, Torsten"]
[Black "Godena, Michele"]
[Result "0-1"]
[WhiteElo "2349"]
[BlackElo "2508"]
[PlyCount "98"]
[EventDate "2012.03.20"]

1. e4 e5 2. Nf3 Nc6 3. Bb5 a6 4. Ba4 Nf6 5. Qe2 Bd6 6. c3 O-O 7. d3 Re8 8. Nbd2
Bf8 9. Nf1 b5 10. Bc2 d5 11. Ng3 Be6 12. exd5 Bxd5 13. O-O e4 14. Nxe4 Nxe4 15.
dxe4 Bc4 16. Qd1 Bxf1 17. Qxf1 Qf6 18. Be3 Bd6 19. Bg5 Qg6 20. Be3 Qf6 21. Bg5
Qg6 22. Be3 Rab8 23. h3 Qf6 24. Bg5 Qg6 25. Be3 Qf6 26. Bg5 Qe6 27. Be3 Qe7 28.
Nd4 Nxd4 29. cxd4 c5 30. e5 Bc7 31. f4 cxd4 32. Bxd4 Red8 33. Be3 Bb6 34. Bxb6
Rxb6 35. Bb3 a5 36. Qf2 Rbb8 37. a3 a4 38. Ba2 b4 39. axb4 Qxb4 40. e6 fxe6 41.
f5 Qd4 42. Bxe6+ Kf8 43. f6 Qxf2+ 44. Kxf2 Rxb2+ 45. Kg1 Rdd2 46. fxg7+ Kxg7
47. Rxa4 Rxg2+ 48. Kh1 Rh2+ 49. Kg1 Rhe2 0-1

[Event "XIII C.to Europeo"]
[Site "Plovdiv BUL"]
[Date "2012.03.24"]
[Round "5"]
[White "Voiteanu, Gabriel"]
[Black "Valsecchi, Alessio"]
[Result "0-1"]
[WhiteElo "2275"]
[BlackElo "2429"]
[PlyCount "44"]
[EventDate "2012.03.20"]

1. d4 Nf6 2. Nf3 d5 3. g3 e6 4. Bg2 Be7 5. O-O O-O 6. c4 dxc4 7. Qc2 b5 8. a4
b4 9. Ne5 Qxd4 10. Bxa8 Qxe5 11. Qxc4 Ba6 12. Qc2 c6 13. Bf4 Qh5 14. f3 Nd5 15.
Bxb8 Rxb8 16. Qxc6 Bxe2 17. Rf2 Bxf3 18. Nd2 Bg4 19. Nc4 Be2 20. Rc1 h6 21. Bb7
Bf6 22. Re1 Bd4 0-1

[Event "XIII C.to Europeo"]
[Site "Plovdiv BUL"]
[Date "2012.03.25"]
[Round "6"]
[White "Codenotti, Marco"]
[Black "Cioara, Andrei-Nestor"]
[Result "0-1"]
[WhiteElo "2328"]
[BlackElo "2477"]
[PlyCount "62"]
[EventDate "2012.03.20"]

1. e4 e6 2. d4 d5 3. Nc3 Bb4 4. e5 c5 5. a3 Bxc3+ 6. bxc3 Ne7 7. h4 Qc7 8. Rh3
b6 9. h5 h6 10. a4 Nbc6 11. Nf3 cxd4 12. cxd4 Nb4 13. Rb1 Nxc2+ 14. Kd2 Nxd4
15. Nxd4 Qxe5 16. Bb2 O-O 17. Rg3 Qf4+ 18. Ke1 e5 19. Re3 Bg4 20. Be2 exd4 21.
Rxe7 Rfe8 22. Bxg4 Rxe7+ 23. Kf1 Qh2 24. f3 Qh1+ 25. Kf2 Qh4+ 26. Kf1 Qh1+ 27.
Kf2 Qh4+ 28. Kf1 d3 29. Qxd3 Rae8 30. Bc3 Qh1+ 31. Kf2 Re2+ 0-1

[Event "XIII C.to Europeo"]
[Site "Plovdiv BUL"]
[Date "2012.03.25"]
[Round "6"]
[White "Godena, Michele"]
[Black "Halkias, Stelios"]
[Result "1/2-1/2"]
[WhiteElo "2508"]
[BlackElo "2588"]
[PlyCount "52"]
[EventDate "2012.03.20"]

1. e4 d6 2. d4 Nf6 3. Bd3 e5 4. c3 d5 5. dxe5 Nxe4 6. Nf3 Nc6 7. Nbd2 Nc5 8.
Bb5 Be7 9. Nb3 O-O 10. Be3 Nxb3 11. axb3 Bg4 12. Bxc6 bxc6 13. b4 f6 14. e6 a6
15. O-O Bd6 16. Bc5 Re8 17. Qd3 Bxf3 18. Qxf3 Bxc5 19. bxc5 Rxe6 20. b4 Re4 21.
Qd3 Rc4 22. Rfe1 Qd7 23. h3 Re8 24. Kf1 Rxe1+ 25. Rxe1 g6 26. f3 26... Kf7 {
...41} 1/2-1/2

[Event "XIII C.to Europeo"]
[Site "Plovdiv BUL"]
[Date "2012.03.25"]
[Round "6"]
[White "Holzke, Frank"]
[Black "Brunello, Sabino"]
[Result "0-1"]
[WhiteElo "2508"]
[BlackElo "2587"]
[PlyCount "94"]
[EventDate "2012.03.20"]

1. c4 e5 2. Nc3 Nf6 3. Nf3 Nc6 4. g3 d5 5. cxd5 Nxd5 6. Bg2 Nb6 7. O-O Be7 8.
a3 Be6 9. d3 O-O 10. b4 f6 11. Bb2 Qd7 12. Ne4 a5 13. Nc5 Bxc5 14. bxc5 Nd5 15.
e4 Nde7 16. d4 exd4 17. Nxd4 Nxd4 18. Qxd4 Qxd4 19. Bxd4 Nc6 20. Be3 a4 21.
Rfd1 Bb3 22. Rd7 Rf7 23. Rxf7 Kxf7 24. Bf1 Re8 25. f3 f5 26. Bf4 Nd4 27. exf5
Nc2 28. Rc1 Nxa3 29. c6 bxc6 30. Rxc6 Re7 31. Kf2 Nc2 32. Bc4+ Ke8 33. Bg5 Nb4
34. Rc5 Rd7 35. Bb5 Kf7 36. Kg2 c6 37. Bxc6 Nxc6 38. Rxc6 a3 39. Ra6 a2 40. Bf4
Re7 41. Bd6 Re1 42. Ra8 g5 43. Rf8+ Kg7 44. Ra8 Bd5 45. Ra7+ Kg8 46. f6 a1=Q
47. Rg7+ Kh8 0-1

[Event "XIII C.to Europeo"]
[Site "Plovdiv BUL"]
[Date "2012.03.25"]
[Round "6"]
[White "Nakar, Eylon"]
[Black "Dvirnyy, Danyyil"]
[Result "1/2-1/2"]
[WhiteElo "2344"]
[BlackElo "2507"]
[PlyCount "87"]
[EventDate "2012.03.20"]

1. e4 c6 2. d3 d5 3. Nd2 e5 4. Ngf3 Bd6 5. Qe2 Qe7 6. d4 exd4 7. exd5 Nf6 8.
Nc4 Bb4+ 9. Bd2 Bxd2+ 10. Kxd2 Qxe2+ 11. Bxe2 c5 12. b4 cxb4 13. Nxd4 O-O 14.
Ne3 Ne4+ 15. Ke1 Rd8 16. a3 bxa3 17. Bf3 Nd6 18. Rxa3 Nd7 19. Ke2 Ne5 20. Rha1
a6 21. Rb1 Bd7 22. Rb4 Kf8 23. g3 Rac8 24. Bg2 Nec4 25. Rc3 Nxe3 26. Rxc8 Rxc8
27. Kxe3 Rc5 28. Kd3 b5 29. c3 Nc4 30. f4 Ke7 31. Be4 g6 32. Rb1 Kd6 33. Ra1
Bc8 34. Nb3 Rc7 35. Kd4 Nb6 36. Na5 Rc5 37. Rd1 Na4 38. c4 bxc4 39. Nc6 Bb7 40.
Ra1 Nb6 41. Nd8 Bxd5 42. Rxa6 Rb5 43. Rxb6+ Rxb6 44. Bxd5 1/2-1/2